| 000 | 00440nam a2200157Ia 4500 | ||
|---|---|---|---|
| 008 | 230312s9999||||xx |||||||||||||| ||und|| | ||
| 020 | _a0-07-231730-2 | ||
| 082 |
_a384 _bFIE-H |
||
| 100 | _aFiero Gloria,K. | ||
| 245 | 0 | _aHumanistic Tradition | |
| 260 |
_bMcGraw Hill _aNew York _c2002 |
||
| 300 | _a177 | ||
| 546 | _aEng. | ||
| 650 |
_aManagement _vFirst Civilizations and Classical Legacy , Medieval Europe and World Beyond |
||
| 942 | _cBK | ||
| 999 |
_c1996 _d1996 |
||